Top 20 Bing search queries in the world - Statistics

General Stats
  • This quiz has been taken 132 times
  • The average score is 6 of 20
Answer Stats
Search Volume Search Query % Correct
25,480,000 google
94%
17,720,000 facebook
74%
2,950,000 facebook log in
74%
21,870,000 youtube
60%
3,870,000 yahoo
52%
3,380,000 bing
47%
5,000,000 amazon
45%
9,550,000 gmail
29%
2,640,000 news for you
27%
3,550,000 ebay
23%
2,500,000 netflix
21%
3,630,000 hotmail
19%
2,220,000 google maps
14%
1,690,000 how to get help in windows 10
4%
2,820,000 yahoo mail
3%
3,320,000 bing homepage quiz
2%
3,410,000 open apk file
2%
2,060,000 open crdownload file
2%
2,170,000 top stories
2%
1,880,000 weekly quiz
2%
No matching quizzes found
Score Distribution
Percent of People with Each Score
Percentile by Number Answered
Your Score History
You have not taken this quiz